[Event "Avoine op 24th"]
[Site "Avoine"]
[Date "2009.07.20"]
[Round "2"]
[White "Peigney, Frederic"]
[Black "Doncea, Vladimir"]
[Result "0-1"]
[WhiteElo "2194"]
[BlackElo "2460"]
[PlyCount "94"]
[EventDate "2009.07.18"]
[EventType "swiss"]
[EventRounds "9"]
[EventCountry "FRA"]
[SourceTitle "CBM 131 Extra"]
[Source "ChessBase"]
[SourceDate "2009.09.03"]
[SourceVersion "2"]
[SourceVersionDate "2009.09.16"]
[SourceQuality "1"]

1. e4 c5 2. c3 d6 3. d4 Nf6 4. Bd3 Qc7 5. Nf3 g6 6. h3 Bg7 7. 0-0 0-0 8. Be3 b6 9. Nbd2 Nc6 10. Qe2 e5 11. dxe5 dxe5 12. Rad1 Nh5 13. Bc4 Nd8 14. Bd5 Rb8 15. Ne1 Ne6 16. Nd3 Ba6 17. Bxe6 fxe6 18. c4 Nf4 19. Bxf4 exf4 20. e5 f3 21. gxf3 Rbd8 22. b3 Rd4 23. Ne4 Bb7 24. Nf6+ Bxf6 25. exf6 Rxf6 26. Qe5 Qxe5 27. Nxe5 Bxf3 28. Rde1 Be4 29. Re3 Bf5 30. Rfe1 Rf8 31. Kg2 Rd2 32. a3 Kg7 33. b4 Rb2 34. bxc5 bxc5 35. R1e2 Rfb8 36. Rxb2 Rxb2 37. Nd7 Rc2 38. Nxc5 Rxc4 39. Nxe6+ Kf6 40. Nd8 Rd4 41. Nc6 Be4+ 42. Rxe4 Rxe4 43. Nxa7 Ra4 44. Nb5 Ra5 45. Nc3 Rxa3 46. Nd5+ Ke5 47. Nb4 Rc3 0-1

[Event "Avoine op 23rd"]
[Site "Avoine"]
[Date "2008.07.26"]
[Round "8"]
[White "Peigney, Frederic"]
[Black "Tirard, Hugo"]
[Result "1/2-1/2"]
[WhiteElo "2186"]
[BlackElo "2469"]
[PlyCount "124"]
[EventDate "2008.07.19"]
[EventType "swiss"]
[EventRounds "9"]
[EventCountry "FRA"]
[SourceTitle "CBM 125 Extra"]
[Source "ChessBase"]
[SourceDate "2008.09.01"]
[SourceVersion "1"]
[SourceVersionDate "2008.09.01"]
[SourceQuality "1"]

1. e4 c5 2. c3 Nf6 3. e5 Nd5 4. d4 cxd4 5. Nf3 Nc6 6. Bc4 Nb6 7. Bb3 g6 8. Ng5 d5 9. exd6 e6 10. Qf3 Ne5 11. Qe4 Bg7 12. cxd4 Nec4 13. Nc3 Nxd6 14. Qd3 0-0 15. Be3 Nf5 16. Nf3 Bd7 17. Ne5 Bc6 18. Nxc6 bxc6 19. Rd1 a5 20. 0-0 Qb8 21. Ne2 Rd8 22. Qe4 a4 23. Bc2 Nd5 24. b3 a3 25. Qf3 Nd6 26. Rc1 Nb5 27. Bb1 Rd6 28. h4 Qd8 29. h5 Qh4 30. g3 Qxh5 31. Qxh5 gxh5 32. Rc5 f5 33. Rfc1 Ra6 34. Bd3 Rb6 35. R5c4 Bf8 36. Nf4 Nxf4 37. Bxf4 Rxd4 38. Be3 e5 39. Bxf5 Rxc4 40. Rxc4 c5 41. Bxc5 Bxc5 42. Rxc5 Nd4 43. Be4 Rb5 44. Rc8+ Kg7 45. Ra8 Ne2+ 46. Kg2 Nc3 47. Bd3 Rd5 48. Ra7+ Kh6 49. Bc4 Rd2 50. Rxa3 e4 51. b4 Nd1 52. Kf1 Nxf2 53. Be2 Nd3 54. Bxd3 exd3 55. b5 Rd1+ 56. Kf2 d2 57. Ke2 Rb1 58. Kxd2 Rxb5 59. Ke3 Kg5 60. Ra4 Rc5 61. Kf3 Rc2 62. Ra5+ Kg6 1/2-1/2

[Event "Avoine op 23rd"]
[Site "Avoine"]
[Date "2008.07.23"]
[Round "5"]
[White "Jarreton, Herve"]
[Black "Peigney, Frederic"]
[Result "0-1"]
[WhiteElo "2068"]
[BlackElo "2186"]
[PlyCount "76"]
[EventDate "2008.07.19"]
[EventType "swiss"]
[EventRounds "9"]
[EventCountry "FRA"]
[SourceTitle "CBM 125 Extra"]
[Source "ChessBase"]
[SourceDate "2008.09.01"]
[SourceVersion "1"]
[SourceVersionDate "2008.09.01"]
[SourceQuality "1"]

1. e4 d5 2. exd5 Nf6 3. d4 Bg4 4. Bb5+ c6 5. dxc6 Qa5+ 6. Nc3 Nxc6 7. Bxc6+ bxc6 8. f3 Bf5 9. Nge2 0-0-0 10. Bd2 e5 11. Ne4 Qb6 12. Nxf6 gxf6 13. c3 Qxb2 14. 0-0 Bc2 15. Qc1 Ba3 16. Qxb2 Bxb2 17. Rae1 Bd3 18. dxe5 Bc4 19. Bh6 fxe5 20. Be3 a5 21. Rf2 Ba3 22. Ng3 Rd3 23. Bb6 Kb7 24. Rb1 Ka6 25. Rff1 Rxc3 26. Bf2 Bb4 27. Ne4 Rc2 28. a3 Bxf1 29. Kxf1 Rxf2+ 30. Kxf2 Bxa3 31. g4 Be7 32. Ke3 Rd8 33. g5 a4 34. h4 h6 35. gxh6 Rh8 36. Ng5 f6 37. Nf7 Rh7 38. Rg1 Bc5+ 0-1

[Event "Avoine op 23rd"]
[Site "Avoine"]
[Date "2008.07.20"]
[Round "2"]
[White "Peigney, Frederic"]
[Black "Rabouan, Jean Francois"]
[Result "1-0"]
[WhiteElo "2186"]
[BlackElo "1953"]
[PlyCount "65"]
[EventDate "2008.07.19"]
[EventType "swiss"]
[EventRounds "9"]
[EventCountry "FRA"]
[SourceTitle "CBM 125 Extra"]
[Source "ChessBase"]
[SourceDate "2008.09.01"]
[SourceVersion "1"]
[SourceVersionDate "2008.09.01"]
[SourceQuality "1"]

1. e4 Nf6 2. Nc3 d6 3. f4 g6 4. Nf3 Bg7 5. Bc4 Nxe4 6. Bxf7+ Kxf7 7. Nxe4 Re8 8. 0-0 Nc6 9. d4 Bg4 10. Nfg5+ Kg8 11. Qxg4 Nxd4 12. f5 Qc8 13. Ne6 Nxe6 14. fxe6 Bd4+ 15. Kh1 Rf8 16. Bh6 Bg7 17. Bxg7 Kxg7 18. Ng5 Rf6 19. Qd4 c5 20. Qc3 d5 21. Qe5 h6 22. h4 Qc6 23. Rf3 Qd6 24. Qxd6 exd6 25. Rxf6 Kxf6 26. Rf1+ Ke5 27. Re1+ Kf6 28. Nf7 Ke7 29. Nxh6 Rh8 30. Nf7 Rxh4+ 31. Kg1 Rd4 32. Nxd6 Rd2 33. Nc8+ 1-0

[Event "FRA-ch Accession"]
[Site "Besancon"]
[Date "2006.08.26"]
[Round "11"]
[White "Humeau, Cyril"]
[Black "Peigney, Frederic"]
[Result "1/2-1/2"]
[WhiteElo "2095"]
[BlackElo "2182"]
[PlyCount "28"]
[EventDate "2006.08.15"]
[EventType "swiss"]
[EventRounds "10"]
[EventCountry "FRA"]
[SourceTitle "CBM 113 Extra"]
[Source "ChessBase"]
[SourceDate "2006.09.14"]
[SourceVersion "1"]
[SourceVersionDate "2006.09.14"]
[SourceQuality "1"]

1. c4 c6 2. Nc3 d5 3. cxd5 cxd5 4. d4 Nf6 5. Nf3 Nc6 6. Bf4 Bf5 7. e3 e6 8. Bd3 Bxd3 9. Qxd3 Bd6 10. Bxd6 Qxd6 11. 0-0 0-0 12. Rac1 Rac8 13. Ne2 Rc7 14. Rc3 Rfc8 1/2-1/2

[Event "Avoine op 20th"]
[Site "Avoine"]
[Date "2005.07.28"]
[Round "6"]
[White "Peigney, Frederic"]
[Black "Vigneron, Frederic"]
[Result "1-0"]
[WhiteElo "2165"]
[BlackElo "2010"]
[PlyCount "35"]
[EventDate "2005.07.23"]
[EventType "swiss"]
[EventRounds "9"]
[EventCountry "FRA"]
[SourceTitle "EXT 2007"]
[Source "ChessBase"]
[SourceDate "2006.11.23"]
[SourceVersion "1"]
[SourceVersionDate "2006.11.23"]
[SourceQuality "1"]

1. Nc3 c5 2. Nf3 Nc6 3. d4 cxd4 4. Nxd4 e5 5. Ndb5 a6 6. Nd6+ Bxd6 7. Qxd6 Qf6 8. Qxf6 Nxf6 9. Bg5 Nd4 10. Bxf6 gxf6 11. 0-0-0 0-0 12. e3 Nc6 13. Nd5 Kg7 14. Nb6 Rb8 15. Rd6 Rd8 16. g3 Re8 17. Bh3 Re7 18. Rhd1 1-0

[Event "FRA-chT3 01"]
[Site "France"]
[Date "2000.11.19"]
[Round "3"]
[White "Peigney, Frederic"]
[Black "Jaulin, Philippe"]
[Result "0-1"]
[WhiteElo "2080"]
[BlackElo "2072"]
[PlyCount "105"]
[EventDate "2001.??.??"]
[EventType "team"]
[EventRounds "9"]
[EventCountry "FRA"]
[SourceTitle "EXT 2002"]
[Source "ChessBase"]
[SourceDate "2001.11.25"]
[SourceVersion "1"]
[SourceVersionDate "2001.11.25"]
[SourceQuality "1"]
[WhiteTeam "Equeurdreville"]
[BlackTeam "Sautron"]
[WhiteTeamCountry "FRA"]
[BlackTeamCountry "FRA"]

1. d4 Nf6 2. Nc3 e6 3. e4 d5 4. Bg5 Bb4 5. e5 h6 6. Bd2 Bxc3 7. bxc3 Ne4 8. Qg4 Kf8 9. Bd3 Nxd2 10. Kxd2 c5 11. Nf3 Nc6 12. Qf4 Kg8 13. h4 c4 14. Be2 b5 15. g4 a5 16. h5 Ra7 17. g5 hxg5 18. Nxg5 f6 19. Nf3 Rf7 20. Qh4 Qf8 21. Rag1 Rh6 22. Rg6 Ne7 23. Rxh6 gxh6 24. Rh2 Nf5 25. Qf4 b4 26. exf6 bxc3+ 27. Ke1 Rxf6 28. Qc7 Rf7 29. Qxa5 Rg7 30. Qxc3 Qd6 31. Rh1 Qb6 32. a4 Ra7 33. Rg1+ Kh7 34. Qa3 Nxd4 35. Nxd4 Qxd4 36. Qf8 Qc3+ 37. Kd1 Qa1+ 38. Kd2 Qxg1 39. Qxc8 Qg5+ 40. Kd1 Qe7 41. Bg4 Qd7 42. Qxd7+ Rxd7 43. Bxe6 Re7 44. Bg4 Kg7 45. Kc1 c3 46. Kb1 Ra7 47. Bf3 Rxa4 48. Bxd5 Ra5 49. Bf3 Rf5 50. Be4 Rxh5 51. Ka2 Re5 52. Ka3 Kf6 53. Bf3 0-1

[Event "FRA-chT3 01"]
[Site "France"]
[Date "2000.10.15"]
[Round "1"]
[White "Peigney, Frederic"]
[Black "Batard, David"]
[Result "1-0"]
[WhiteElo "2080"]
[BlackElo "2020"]
[PlyCount "35"]
[EventDate "2001.??.??"]
[EventType "team"]
[EventRounds "9"]
[EventCountry "FRA"]
[SourceTitle "EXT 2002"]
[Source "ChessBase"]
[SourceDate "2001.11.25"]
[SourceVersion "1"]
[SourceVersionDate "2001.11.25"]
[SourceQuality "1"]
[WhiteTeam "Equeurdreville"]
[BlackTeam "Suce sur Erdre"]
[WhiteTeamCountry "FRA"]
[BlackTeamCountry "FRA"]

1. d4 d5 2. e4 dxe4 3. Nc3 Nf6 4. f3 exf3 5. Nxf3 e6 6. Bg5 Be7 7. Bd3 c5 8. dxc5 Bxc5 9. Qd2 Nc6 10. 0-0-0 h6 11. Bh4 g5 12. Bg3 Nd5 13. Nxd5 Qxd5 14. Qc3 Bd4 15. Nxd4 Qxd4 16. Qxd4 Nxd4 17. Be5 0-0 18. Bxd4 1-0

[Event "AJEC Gr01 email"]
[Site "France"]
[Date "2000.??.??"]
[Round "?"]
[White "Harmelle, Dominique"]
[Black "Peigney, Frederic"]
[Result "0-1"]
[WhiteElo "1850"]
[BlackElo "2051"]
[PlyCount "29"]
[EventDate "2000.03.20"]
[EventType "tourn (corr)"]
[EventRounds "10"]
[EventCountry "FRA"]
[SourceTitle "Corr 2004"]
[Source "ChessBase"]
[SourceDate "2003.04.28"]
[SourceVersion "3"]
[SourceVersionDate "2003.04.28"]
[SourceQuality "1"]

1. e4 d5 2. exd5 Nf6 3. c4 c6 4. Qa4 Qd7 5. dxc6 Nxc6 6. Nf3 e5 7. Nc3 e4 8. Ng5 Nd4 9. Nb5 Nxb5 10. cxb5 Qf5 11. f4 h6 12. Nh3 Bd6 13. g3 Bc5 14. Nf2 0-0 15. Nd1 0-1

[Event "IECG C1.1999.0.00233"]
[Site "IECG email"]
[Date "1999.09.06"]
[Round "?"]
[White "Ginther, Ron"]
[Black "Peigney, Frederic"]
[Result "1/2-1/2"]
[WhiteElo "2014"]
[BlackElo "2000"]
[PlyCount "132"]
[EventDate "1999.09.06"]
[EventType "tourn (corr)"]
[EventRounds "6"]
[SourceTitle "Corr 2008"]
[Source "ChessBase"]
[SourceDate "2008.06.24"]
[SourceVersion "1"]
[SourceVersionDate "2008.06.24"]
[SourceQuality "1"]

1. e4 d5 2. exd5 Nf6 3. Bb5+ Bd7 4. Bc4 Bg4 5. f3 Bc8 6. Nc3 Nbd7 7. d4 Nb6 8. Bb3 Nbxd5 9. Nxd5 Nxd5 10. Ne2 e6 11. 0-0 Bd6 12. c4 Nf6 13. Be3 Bd7 14. Qd2 Bc6 15. Nc3 0-0 16. Bc2 a6 17. Rad1 b5 18. d5 exd5 19. cxd5 Bb7 20. Bd4 Re8 21. Qg5 h6 22. Qf5 Bc8 23. Qd3 Be5 24. Bxe5 Rxe5 25. Ne4 Bf5 26. Qc3 Bxe4 27. fxe4 Qd6 28. Qf3 Rae8 29. Rf2 R8e7 30. Re2 Qb4 31. a3 Qc4 32. Bd3 Qd4+ 33. Qf2 Qxf2+ 34. Kxf2 Nxe4+ 35. Bxe4 Rxe4 36. Rxe4 Rxe4 37. Rc1 Re5 38. Rc5 Kh7 39. b3 f6 40. b4 Kg6 41. Rxc7 Rxd5 42. Rc6 Rd2+ 43. Kf1 Kf5 44. Rxa6 Ke4 45. Ra7 g5 46. Ra6 Ra2 47. h3 f5 48. Rxh6 Ra1+ 49. Ke2 Rxa3 50. Rb6 Ra2+ 51. Kf1 g4 52. Rxb5 g3 53. Ra5 Rf2+ 54. Kg1 Rb2 55. Ra1 Rxb4 56. Kf1 Rb2 57. Ra4+ Ke5 58. Ra5+ Kf6 59. Ra8 Rf2+ 60. Kg1 Rc2 61. Rf8+ Kg5 62. Kf1 Rc1+ 63. Ke2 Kf4 64. Rb8 Rc2+ 65. Kf1 Rc1+ 66. Ke2 Rc2+ 1/2-1/2